000 00661nam a2200289Ia 4500
005 20260324134417.0
008 008 260324s9999 xx 000 0 eng d
020 _a9781849774260
037 _aEBOOK
040 _aCRL
040 _beng
040 _cCRL
041 _2eng
041 _aeng
084 _qCRL
100 _aJanie Hampton
_91196708
245 0 _aInternally Displaced People
245 2 _bA Global Survey
260 _bTaylor and Francis
260 _c2002
365 _a
365 _b230
856 _uhttp://www.taylorfrancis.com/books/9781849774260
942 _cEBOOK
999 _c1796780
_d1796780